| 000 | 004960000a22002170004500 | ||
|---|---|---|---|
| 005 | 20120302053926.0 | ||
| 942 | _cBOOK | ||
| 100 | _a Carlton,Eric | ||
| 245 | _a Patterns of belief | ||
| 260 | _aLondon:George allen and Unwin,1973 | ||
| 300 | _a140p | ||
| 040 | _aENG | ||
| 365 | _bRs.25.00 | ||
| 650 | _aReligion | ||
| 650 | _aPattern-Belief | ||
| 650 | _aSocieties | ||
| 650 | _aReligious Experiences | ||
| 650 | _aReligion Analysed | ||
| 650 | _aPurposes | ||
| 650 | _aRevelation | ||
| 999 |
_c344208 _d344205 |
||